000 00945nam a22002177a 4500
999 _c12006
_d12006
003 AR-CdUCM
008 190405b ||||| |||| 00| 0 spa d
040 _aMUNICIPALIDAD PROVINCIAL DEL CUSCO
_cBIBLIOTECA MUNICIPAL DEL CUSCO
082 _a708.85 /
_bIG35 / 1948
110 _aInstituto de investigaciones de arte Peruano y Americano
_929620
245 _aLa iglesia de la asunción de Azángaro :
260 _aLima :
_bPublicaciones del instituto de investigaciones e arte Peruano y americano,
_c1948.
300 _a41 paginas ;
_bIlustraciones,
_c21 cm.
440 _aDocumentos del arte Peruano
_nIII
_929661
505 _aContenido : Ubicación geográfica e historial de Azángaro -- Etimología de su nombre -- La primera iglesia -- La iglesia actual y análisis artístico.
650 _aReligión
_91195
650 _aAnálisis artístico
_929662
650 _aAzángaro
_929663
942 _2ddc
_cLIBROS
945 _awnts
_d2019-04-05